000 00417nam a22001457a 4500
005 20151201121840.0
008 151201b xxu||||| |||| 00| 0 eng d
020 _a9694900263
040 _cPK-LaUMT
082 _aMSC 928.91439
_bAMJ-
245 _aامجد اسلام امجد
_bفن و شخصیت
_cزاہد حسین(مرتب
260 _aلاہور
_bگورا پبلشرز
_c1996
300 _a415 ص
942 _cBK
999 _c79346
_d79346